| 000 | 00604nam a2200169 a 4500 | ||
|---|---|---|---|
| 001 | 000040525 | ||
| 005 | 20240228130358.0 | ||
| 008 | 130829s2009 dr 000 0 spa d | ||
| 020 | _a9789945002454 | ||
| 040 |
_aDO-SdBNP _bspa _cBNPHU |
||
| 100 | 1 |
_aGómez Rosa, Alexis, _d1950- _923501 |
|
| 245 | 1 | 0 |
_aMarginal de una lengua que persigue su forma / _cAlexis Gómez Rosa. |
| 260 |
_aSanto Domingo : _bEditora Gente, _c2009. |
||
| 300 |
_a161 p. ; _c22 cm. |
||
| 500 | _aIncluye datos biográficos del autor en la solapa de la cubierta | ||
| 586 | _aPremio anual de poesía Salomé Ureña de Henríquez 2010 | ||
| 999 |
_c40015 _d40015 |
||